000 00799nam a2200277Ia 4500
005 20250425162224.0
008 250425s9999 xx 000 0 und d
020 _a9284407842
041 _aspa
043 _asp
082 _a338.4791
_pORG
100 _aOrganización Mundial del Turismo, OMT
245 0 _aGestión de la saturación turística en sitios de interés natural y cultural: Guía practica
250 _aPrimera edición
260 _aEspaña
_bOrganización Mundial del Turismo
_c2004
300 _a133 página
_bilustración
_c30 cm
500 _aIncluye indice
504 _abibliografía
650 _aDestinos turísticos
650 _aGuía
650 _aSaturación
650 _aTurismo
902 _aMonográfico
_cImpreso
942 _c01
010 _a57799
999 _c224828
_d224828